Wagon to riches...network marketing: (Record no. 19680)

MARC details
000 -LEADER
fixed length control field 00916nam a22002297a 4500
008 - FIXED-LENGTH DATA ELEMENTS--GENERAL INFORMATION
fixed length control field 081211t xxu||||| |||| 00| 0 eng d
010 ## - LCCN (DPL NO)
LC control number ENG-92115
020 ## - INTERNATIONAL STANDARD BOOK NUMBER
Terms of availability 300.00
International Standard Book Number 9788179331767
020 ## - INTERNATIONAL STANDARD BOOK NUMBER
Terms of availability 300.00
International Standard Book Number 8179331768
035 ## - SYSTEM CONTROL NUMBER
System control number EN-75648
037 ## - SOURCE OF ACQUISITION
Source of stock number/acquisition DBAD / PUB
040 ## - CATALOGING SOURCE
Original cataloging agency dpl
Language of cataloging English
082 ## - DEWEY DECIMAL CLASSIFICATION NUMBER
Classification number 658.84
100 ## - MAIN ENTRY--PERSONAL NAME
Personal name Sardana, Mohit
245 ## - TITLE STATEMENT
Title Wagon to riches...network marketing:
Statement of responsibility, etc by Mohit Sardana
Remainder of title network, marketers are the most promising entrepreneurs /
260 ## - PUBLICATION, DISTRIBUTION, ETC. (IMPRINT)
Place of publication, distribution, etc Delhi
Name of publisher, distributor, etc Dynamic Publications
Date of publication, distribution, etc 2006
300 ## - PHYSICAL DESCRIPTION
Extent 127p.
Dimensions 23cm (Hb)
490 ## - SERIES STATEMENT
Series statement Dynamic management series;edited by Manjul Arora [and] Sugam Rastogi
650 ## - SUBJECT ADDED ENTRY--TOPICAL TERM
Topical term or geographic name as entry element Multilevel marketing.
942 ## - ADDED ENTRY ELEMENTS (KOHA)
Source of classification or shelving scheme Dewey Decimal Classification
Item type English Books
Call number suffix SAR
Classification part 658.84
Holdings
Withdrawn status Lost status Source of classification or shelving scheme Damaged status Not for loan Collection code Home library Current library Date acquired Source of acquisition Cost, normal purchase price Total Checkouts Full call number Barcode Date last seen Copy number Cost, replacement price Koha item type
    Dewey Decimal Classification   Not For Loan Non-fiction D.B.Act.Division D.B.Act.Division 11/12/2008 DBAD / PUB 300.00   658.84 SAR EN-75648 11/12/2008 1 300.00 English Books

© Delhi Public Library
Hit Counter
free hit counter